Financovanie podniku a získavanie kapitálu z externých zdrojov financovania bakalárska práca

Saved in:
Bibliographic Details
Main Author: Labaš, Jaroslav
Corporate Author: Fakulta podnikového manažmentu EU. Katedra podnikových financií
Other Authors: Linkayová, Lucia
Format: Book
Language:Slovak
Published: Bratislava 2013
Tags: Add Tag
No Tags, Be the first to tag this record!

MARC

LEADER 00000nbm a2200000 4500
001 0173036
005 20161109112134.2
041 0 |a slo 
044 |a SK 
245 1 0 |a Financovanie podniku a získavanie kapitálu z externých zdrojov financovania  |b bakalárska práca  |c Jaroslav Labaš ; školiteľ: Lucia Linkayová 
264 1 |a Bratislava  |c 2013 
300 |a 44 s. 
100 1 |a Labaš, Jaroslav 
700 1 |a Linkayová, Lucia 
710 2 |a Fakulta podnikového manažmentu EU. Katedra podnikových financií